Guess the Taylor Swift song (no hints) 3 - Statistics

General Stats
  • This quiz has been taken 32 times
  • The average score is 327 of 398
Answer Stats
Answer % Correct
a
100%
I
100%
and
96%
And
96%
me?
96%
me
96%
the
96%
to
96%
you
96%
You
96%
you?
96%
be
93%
do
93%
I'm
93%
my
93%
she
93%
She
93%
when
93%
your
93%
in
89%
it
89%
who
89%
by
85%
can
85%
could
85%
for
85%
it's
85%
know
85%
like
85%
looking
85%
night
85%
of
85%
on
85%
one
85%
see
85%
so
85%
that
85%
that?
85%
this
85%
wear
85%
what
85%
where
85%
why
85%
with
85%
all
81%
All
81%
been
81%
Been
81%
can't
81%
Can't
81%
girl
81%
got
81%
Have
81%
is
81%
never
81%
not
81%
she's
81%
She's
81%
about
78%
belong
78%
day
78%
has
78%
here
78%
how
78%
If
78%
just
78%
something
78%
time
78%
up
78%
You're
78%
you're
78%
at
74%
better
74%
down
74%
find
74%
girlfriend
74%
going
74%
high
74%
kind
74%
listening
74%
music
74%
off
74%
phone
74%
room
74%
said
74%
short
74%
than
74%
Think
74%
Tuesday
74%
typical
74%
wake
74%
whole
74%
you've
74%
along
70%
back
70%
bleachers
70%
captain
70%
cause
70%
cheer
70%
doesn't
70%
dreaming
70%
Dreaming
70%
get
70%
haven't
70%
heels
70%
light
70%
she'll
70%
skirts
70%
sneakers
70%
t-shirts
70%
understands
70%
upset
70%
wears
70%
brought
67%
doing
67%
say
67%
seen
67%
smile
67%
thinking
67%
town
67%
baby
63%
door
63%
ever
63%
house
63%
humor
63%
jeans
63%
since
63%
story
63%
tell
63%
cry
59%
easy?
59%
fine
59%
isn't
59%
thought
59%
while
59%
Hey
56%
laugh
56%
makes
56%
maybe
56%
middle
56%
myself
56%
Oh
56%
songs
56%
Standing
56%
Walk
56%
dreams
52%
favorite
52%
worn-out
52%
help
48%
Laughing
48%
streets
48%
waiting
48%
bench
44%
ought
44%
park
44%
driving
41%
remember
41%
No matching quizzes found
Score Distribution
Percent of People with Each Score
Percentile by Number Answered
Your Score History
You have not taken this quiz